Disputed Question in Theology and the Philosophy of Religion (Record no. 6256)

MARC details
000 -LEADER
fixed length control field 00420nam a2200157 a 4500
082 00 - DEWEY DECIMAL CLASSIFICATION NUMBER
Classification number 200 HIC
100 ## - MAIN ENTRY--AUTHOR NAME
Author name Hick, John
245 ## - TITLE STATEMENT
Title Disputed Question in Theology and the Philosophy of Religion
260 ## - PUBLICATION, DISTRIBUTION, ETC. (IMPRINT)
Place of publication New Haven
Name of publisher Yale University Press
Year of publication 1993
300 ## - PHYSICAL DESCRIPTION
Number of Pages 198p
500 ## - GENERAL NOTE
General note includes index and biblioraphy
505 2# - FORMATTED CONTENTS NOTE
Formatted contents note Biblio., Indices
650 ## - SUBJECT ADDED ENTRY--TOPICAL TERM
Topical Term Religion-Philosophy
942 ## - ADDED ENTRY ELEMENTS (KOHA)
Koha item type Books
700 1# -
-- Hick, John
Holdings
Collection code Home library Current library Date acquired Cost, normal purchase price Full call number Accession Number Koha item type
  Henry Martyn Institute Library Henry Martyn Institute Library 03/19/2007 100.00 200 HIC 014913 Books
                   Copyright © 2026 | Henry Martyn Institute | Hyderabad | TS-500052 | INDIA | Implemented by hmi.edu.in
Hit-Count:

Powered by Koha